| 000 | 00602nam a2200205Ia 4500 | ||
|---|---|---|---|
| 003 | IN-BaIIA | ||
| 008 | 211028s9999 xx 000 0 eng d | ||
| 020 | _a0-672-22789-4 | ||
| 040 | _cIIA Library | ||
| 080 |
_a681.31 _bSIM |
||
| 100 |
_aSimrin, Steven _917814 |
||
| 245 | 4 |
_aThe waite group's MS-DOS bible _cSteven Simrin |
|
| 250 | _a4th ed. | ||
| 260 |
_aIndiana _bSAMS _c1991 |
||
| 300 | _axxxvii, 718p. | ||
| 650 | _aAstronomy and Astrophysics Thesaurus | ||
| 650 |
_aComputer programs _94148 |
||
| 650 |
_aOperating system _914912 |
||
| 942 | _cBK | ||
| 999 |
_c10594 _d10594 |
||